000 01011nam a2200313Ia 4500
003 OSt
005 20221007124259.0
006 a|||||r|||| 00| 0
007 ta
008 221006b |||||||| |||| 00| 0 eng d
020 _a9788131513718 (pbk)
024 _a149396
037 _b435, 22/09/2011, Dhanraj Book House
_cTextual
040 _aCDL
_cCDL
_beng
041 _2eng
_aeng
082 _aE1, L7;10-;12 Carc
100 _aPurcell Keith F
245 0 _aInorganic chemistry
_b Kotz John C
260 _aAustralia
_bCenage learning
_c2010
300 _axvii, 1116p.
_ccm.
500 _aInclude bibliographical references; Include appendices ; Indexes 1097-1116p.
650 _a Inorganic
650 _a Molecular topology
_9718861
650 _a Polyhedra
_9718862
650 _aChemistry
700 _a Kotz John C
942 _hE1, L7;10-;12 Carc
_cTEXL
_2CC
999 _c1213298
_d1213298